000
00262nam a2200109Ia 4500
008
090707b ii f a fnsan d
100
_a
Kumar, Sushil.
_9
9277
245
_a
Bengali Literature In The 19th Century.
260
_c
1962.
300
_a
650p.
942
_c
BK
999
_c
9632
_d
9632